| 000 | 00506nam a22001817a 4500 | ||
|---|---|---|---|
| 005 | 20241031172453.0 | ||
| 008 | 241031b |||||||| |||| 00| 0 eng d | ||
| 020 | _a6721658067 | ||
| 050 |
_aRT41. _bL87 LUC |
||
| 100 | _aLuckmann, Jaon R. N | ||
| 245 |
_aMedical-surgical nursing/ _bA Psychophysiologic approach |
||
| 250 | _a2nd | ||
| 260 |
_aLondon _bW.B. Saunders Company _cc1980 |
||
| 300 |
_axviii, 2276p _bill.; |
||
| 500 | _aIncludes Index | ||
| 700 | _aSorensen, Creason Karen | ||
| 942 |
_2lcc _cBK _n0 |
||
| 999 |
_c490 _d490 |
||